| 000 | 00726namaa22001811 4500 | ||
|---|---|---|---|
| 001 | 173785 | ||
| 003 | ES-MaACL | ||
| 005 | 20231228063256.0 | ||
| 008 | 100119s1842 sp |||| | spa d | ||
| 040 |
_aSpMaBN _bspa _cA2 |
||
| 080 | _a86-23"18" | ||
| 100 | 1 |
_aGil y Zárate, Antonio, _d1793-1861 _956804 |
|
| 245 | 1 | 3 |
_aUn amigo en candelero _b: comedia en cinco actos / _csu autor Antonio Gil de Zárate. |
| 260 |
_aMadrid : _b[s.n.], _c1842 ( _fImp. Repullés) |
||
| 300 |
_a111 p. ; _c17 cm. |
||
| 852 |
_aES-MaACL _jB-8605(2).- _zEnc. pasta española _q.- Falto de la cub. original _z.- Enc. en un vol. facticio formando parte de la col. facticia "Teatro español moderno", vol. 60 |
||
| 999 |
_c173785 _d173785 |
||